[Event "46th Bosna it"]
[Site "Sarajevo BIH"]
[Date "2016.06.02"]
[Round "8.18"]
[White "Vea, Odin Blikra"]
[Black "Zildzic, Kenan"]
[Result "1-0"]
[WhiteElo "2288"]
[BlackElo "2135"]
[EventDate "2016.05.28"]
[PlyCount "67"]

1.e4 e5 2.Nf3 Nc6 3.Bb5 a6 4.Ba4 d6 5.O-O Bg4 6.h3 h5 7.Bxc6+ bxc6 8.d4 
Bxf3 9.Qxf3 f6 10.Nc3 Qd7 11.Qd3 g5 12.Be3 Be7 13.Qd2 Rh7 14.f3 Rg7 15.g4 
Nh6 16.Ne2 h4 17.d5 Nf7 18.c4 Nd8 19.b4 cxd5 20.cxd5 c6 21.Nc3 Qb7 22.Rab1
Bf8 23.Rfc1 Kf7 24.a4 Rc8 25.Qd3 Kg6 26.dxc6 Rxc6 27.b5 axb5 28.axb5 Rc8 
29.Nd5 Rxc1+ 30.Bxc1 Be7 31.Be3 Ne6 32.b6 Rg8 33.Qb3 Nc5 34.Nxe7+ 1-0

[Event "46th Bosna it"]
[Site "Sarajevo BIH"]
[Date "2016.06.02"]
[Round "8.19"]
[White "Kvisvik, Brede"]
[Black "Zlobec, Srdjan"]
[Result "1-0"]
[WhiteElo "2287"]
[BlackElo "2062"]
[EventDate "2016.05.28"]
[PlyCount "85"]

1.Nf3 Nf6 2.d4 c5 3.c4 cxd4 4.Nxd4 Nc6 5.g3 d6 6.Bg2 Bd7 7.O-O g6 8.b3 Bg7
9.Bb2 O-O 10.e3 a6 11.Nc3 Rb8 12.a4 Qa5 13.h3 Rfc8 14.Re1 h5 15.Kh2 h4 16.
g4 Nxd4 17.exd4 e6 18.Ne2 d5 19.c5 Qc7+ 20.Kg1 b6 21.Bc1 Qa7 22.Bf4 Rb7 
23.b4 a5 24.cxb6 Qxb6 25.b5 Ne4 26.Rc1 g5 27.Rxc8+ Bxc8 28.Bh2 Rd7 29.Qc1 
Qd8 30.Qc2 Bb7 31.Rc1 Qf6 32.f3 Ng3 33.Rd1 e5 34.Nxg3 hxg3 35.Bxg3 exd4 
36.Qd3 Re7 37.Re1 Re3 38.Rxe3 dxe3 39.Qxe3 Qa1+ 40.Qe1 Qxa4 41.Qe8+ Kh7 
42.Qxf7 Qxb5 43.Be5 1-0

[Event "46th Bosna it"]
[Site "Sarajevo BIH"]
[Date "2016.06.02"]
[Round "8.20"]
[White "Sitnic, Adnan"]
[Black "Djukic, Nikola"]
[Result "0-1"]
[WhiteElo "2046"]
[BlackElo "2546"]
[EventDate "2016.05.28"]
[PlyCount "120"]

1.e4 c5 2.f4 g6 3.Nf3 Bg7 4.Nc3 Nc6 5.Bb5 Nd4 6.Nxd4 cxd4 7.Ne2 Nf6 8.e5 
Nd5 9.Bc4 Nb6 10.Bb3 d6 11.Nxd4 dxe5 12.Nf3 exf4 13.d4 Nd5 14.O-O O-O 15.
Bxd5 Qxd5 16.Bxf4 h6 17.c3 b5 18.Qd2 g5 19.Be5 f6 20.Bg3 Bb7 21.a3 Rad8 
22.Qc2 Rfe8 23.Rae1 Bc8 24.Re3 Bf5 25.Qe2 e6 26.h4 Bg4 27.Qc2 Re7 28.hxg5 
hxg5 29.Nd2 e5 30.Ne4 f5 31.Nxg5 e4 32.Bf4 Bf6 33.Nh3 Rg7 34.Kh2 Kf7 35.
Rh1 Rdg8 36.Rg1 Be7 37.Kh1 Rh7 38.Be5 Rg6 39.b3 Rgh6 40.c4 Qe6 41.cxb5 f4 
42.Bxf4 Bxh3 43.Bxh6 Bf5 44.Rf1 Rxh6+ 45.Rh3 Rf6 46.Rh5 Bg6 47.Rxf6+ Qxf6 
48.Qc4+ Kg7 49.Rh3 Bd6 50.Kg1 Bf5 51.Rc3 Qh4 52.Kf1 Bg3 53.Ke2 Qg4+ 54.Kd2
Bf4+ 55.Kc2 Qxg2+ 56.Kb1 e3+ 57.Ka1 e2 58.Rc1 Bxc1 59.Qc7+ Kg6 60.Qc6+ 
Qxc6 0-1

[Event "46th Bosna it"]
[Site "Sarajevo BIH"]
[Date "2016.06.02"]
[Round "8.21"]
[White "Kurtcehajlic, Suad"]
[Black "Jakovljevic, Vlado"]
[Result "0-1"]
[WhiteElo "2044"]
[BlackElo "2395"]
[EventDate "2016.05.28"]
[PlyCount "86"]

1.e4 c5 2.c3 Nf6 3.e5 Nd5 4.d4 cxd4 5.cxd4 d6 6.exd6 Qxd6 7.Nc3 Nc6 8.Bc4 
Nb6 9.Bb5 e6 10.Nf3 Bd7 11.O-O Be7 12.g3 a6 13.Bf4 Qb4 14.a3 Qxb2 15.Rb1 
Qxc3 16.Bd2 Qxf3 17.Qxf3 axb5 18.Rfe1 Nd5 19.Rb2 O-O 20.Be3 Rxa3 21.Qg4 b4
22.h4 Kh8 23.h5 h6 24.Qd1 Bf6 25.Qd2 Nxe3 26.fxe3 Bg5 27.Rxb4 Nxb4 28.Qxb4
Rfa8 29.Qxb7 R3a7 30.Qb6 f5 31.Qd6 Re8 32.e4 fxe4 33.Rxe4 Rd8 34.Re5 Bf6 
35.Qb6 Raa8 36.Re4 Rab8 37.Qc7 Rbc8 38.Qa5 Re8 39.Qe1 Kg8 40.g4 Kf7 41.Qb1
Kg8 42.Rf4 Bg5 43.Rf3 Rc1+ 0-1

[Event "46th Bosna it"]
[Site "Sarajevo BIH"]
[Date "2016.06.02"]
[Round "8.22"]
[White "Vajic, Goran"]
[Black "Tuna, Alp"]
[Result "1-0"]
[WhiteElo "2299"]
[BlackElo "2034"]
[EventDate "2016.05.28"]
[PlyCount "79"]

1.d4 d5 2.Nf3 Nf6 3.e3 c6 4.Be2 Bf5 5.O-O e6 6.c4 Nbd7 7.Nc3 h6 8.cxd5 
exd5 9.Bd3 Bxd3 10.Qxd3 Bd6 11.e4 dxe4 12.Nxe4 Be7 13.Ng3 Nc5 14.Qf5 Ne6 
15.Be3 Qd5 16.Ne5 Rf8 17.Qc2 O-O-O 18.Nf5 Rde8 19.Qa4 Kb8 20.Nxe7 Rxe7 21.
Rac1 Qb5 22.Qa3 Nd5 23.f4 Qb4 24.Qxb4 Nxb4 25.f5 Ng5 26.Bxg5 hxg5 27.f6 
gxf6 28.Rxf6 Rd8 29.Rxf7 Nd5 30.Rcf1 Re6 31.Rg7 Nf4 32.Rxg5 Rxd4 33.Nf3 
Rb4 34.b3 Re2 35.a3 Rbe4 36.h4 Ra2 37.h5 Re6 38.Nd4 Re4 39.Rxf4 Rxf4 40.
Rg8+ 1-0

[Event "46th Bosna it"]
[Site "Sarajevo BIH"]
[Date "2016.06.02"]
[Round "8.23"]
[White "Stojkovska, Monika"]
[Black "Batricevic, Sasa"]
[Result "1-0"]
[WhiteElo "2030"]
[BlackElo "2296"]
[EventDate "2016.05.28"]
[PlyCount "111"]

1.e4 c5 2.Nf3 Nc6 3.d4 cxd4 4.Nxd4 e5 5.Nb5 a6 6.Nd6+ Bxd6 7.Qxd6 Qf6 8.
Qc7 Nge7 9.Nc3 Nb4 10.Bd3 d5 11.O-O d4 12.Na4 Qc6 13.Qxc6+ Nexc6 14.Nb6 
Rb8 15.Bd2 Be6 16.a3 Nxd3 17.cxd3 Bb3 18.Rac1 Kd8 19.f4 f6 20.fxe5 fxe5 
21.Bb4 Kc7 22.Nc4 Bxc4 23.Rxc4 Rhd8 24.Rf5 b5 25.Ba5+ Kd6 26.Rxc6+ Kxc6 
27.Bxd8 Rxd8 28.Rxe5 Kb6 29.b4 Rc8 30.Rd5 Rc3 31.Rxd4 Rxa3 32.e5 Rc3 33.
Kf2 a5 34.Rd6+ Kc7 35.bxa5 Ra3 36.a6 b4 37.Ke2 Ra2+ 38.Kd1 b3 39.Kc1 Rxg2 
40.Rd4 Ra2 41.Rb4 Rxa6 42.Rxb3 Ra5 43.d4 Ra2 44.Rb2 Ra4 45.Rd2 Kc6 46.Kd1 
Kd5 47.Ke2 Ra3 48.Kf2 g5 49.Re2 Kxd4 50.e6 Ra8 51.Kg3 h5 52.h4 g4 53.Kf4 
Rf8+ 54.Kg5 Rg8+ 55.Kf6 g3 56.e7 1-0

[Event "46th Bosna it"]
[Site "Sarajevo BIH"]
[Date "2016.06.02"]
[Round "8.24"]
[White "Obad, Andrija"]
[Black "Hadziselimovic, Bernardina"]
[Result "1-0"]
[WhiteElo "2279"]
[BlackElo "1948"]
[EventDate "2016.05.28"]
[PlyCount "97"]

1.e4 d6 2.d4 Nf6 3.Nc3 c6 4.f4 Qa5 5.Bd3 e5 6.Nf3 Bg4 7.Be3 Nbd7 8.Qd2 
Bxf3 9.gxf3 Be7 10.O-O-O O-O-O 11.Kb1 Nh5 12.Nd5 Qxd2 13.Nxe7+ Kc7 14.Bxd2
g6 15.fxe5 dxe5 16.d5 Rhe8 17.dxc6 bxc6 18.Bb4 Nf4 19.Bc4 Ne6 20.Bd6+ Kb7 
21.Bxe6 fxe6 22.Rd3 Nb6 23.Rhd1 Rxd6 24.Rxd6 Rxe7 25.b3 Kc7 26.R6d3 Rf7 
27.Kb2 g5 28.Rg1 h6 29.Rg4 Nd7 30.Rg2 Nf6 31.Rgd2 Nh5 32.Rd6 Nf4 33.Rd8 
Rg7 34.Ra8 Kb7 35.Rad8 Kc7 36.Ra8 Kb7 37.Rh8 h5 38.Rdd8 g4 39.fxg4 Rxg4 
40.Rh7+ Kb6 41.b4 Rg2 42.Rb8+ Ka6 43.Rc7 Nd3+ 44.Kc3 Nxb4 45.Rxb4 Rxh2 46.
Rxc6+ Ka5 47.Rc5+ Ka6 48.Kb3 h4 49.Ka4 1-0

[Event "46th Bosna it"]
[Site "Sarajevo BIH"]
[Date "2016.06.02"]
[Round "8.25"]
[White "Injac, Teodora"]
[Black "Sabic, Muris"]
[Result "1-0"]
[WhiteElo "2185"]
[BlackElo "1971"]
[EventDate "2016.05.28"]
[PlyCount "115"]

1.Nf3 Nf6 2.c4 e6 3.g3 d5 4.b3 c5 5.Bg2 d4 6.e3 Nc6 7.exd4 cxd4 8.O-O Bc5 
9.d3 O-O 10.Re1 Qe7 11.Ne5 Nxe5 12.Rxe5 Bd6 13.Re1 Rb8 14.Nd2 Rd8 15.Nf3 
Bb4 16.Bd2 Bxd2 17.Qxd2 b6 18.Ne5 Bb7 19.Nc6 Bxc6 20.Bxc6 Qd6 21.Bg2 Rbc8 
22.b4 Rc7 23.a4 Rb8 24.Rab1 Rbc8 25.Rb2 Kf8 26.Ra1 Nd7 27.a5 h6 28.axb6 
axb6 29.Ra6 Qe7 30.Qe1 Rb8 31.Re2 Ke8 32.f4 Kd8 33.Re4 Qf6 34.Qa1 g5 35.
Rxd4 Ke7 36.Re4 Qxa1+ 37.Rxa1 Nf6 38.Rd4 Ng4 39.fxg5 Ne3 40.Re4 Nc2 41.Rb1
hxg5 42.g4 Rd8 43.Rb2 Nd4 44.Kf2 f6 45.Re3 e5 46.Ra2 Rb8 47.Rh3 Ne6 48.Be4
Nf8 49.Ke3 Rd8 50.Ra6 Rb8 51.Bd5 Ke8 52.Rh6 Rh7 53.Rxf6 Rxh2 54.Raxb6 Rxb6
55.Rxb6 Nh7 56.Re6+ Kd7 57.Rxe5 Rh3+ 58.Kd4 1-0

[Event "46th Bosna it"]
[Site "Sarajevo BIH"]
[Date "2016.06.02"]
[Round "8.26"]
[White "Petrovic, Marija"]
[Black "Kamberovic, Senad"]
[Result "1-0"]
[WhiteElo "2055"]
[BlackElo "2179"]
[EventDate "2016.05.28"]
[PlyCount "59"]

1.Nf3 d5 2.g3 Nf6 3.Bg2 g6 4.d4 Bg7 5.O-O O-O 6.Nbd2 b6 7.Ne5 Bb7 8.c3 c5 
9.a4 a5 10.Ndf3 Na6 11.Be3 Rc8 12.Qb3 Ne4 13.Nd2 Nxd2 14.Bxd2 Qd6 15.Bf4 
g5 16.Nxf7 Qg6 17.Nxg5 cxd4 18.cxd4 Nb4 19.Nf3 Ba6 20.Ne5 Qe6 21.Rfe1 Kh8 
22.e3 Bh6 23.Rac1 Bxf4 24.exf4 Qf5 25.Bxd5 Nxd5 26.Qxd5 Rcd8 27.Qf3 Rxd4 
28.Qc3 Rd6 29.Ng6+ Kg8 30.Nxe7+ 1-0

[Event "46th Bosna it"]
[Site "Sarajevo BIH"]
[Date "2016.06.02"]
[Round "8.27"]
[White "Musovic, Sabrija"]
[Black "Maksimovic, Bojan"]
[Result "1-0"]
[WhiteElo "2025"]
[BlackElo "2161"]
[EventDate "2016.05.28"]
[PlyCount "103"]

1.e4 c5 2.Nf3 d6 3.d4 cxd4 4.Nxd4 Nf6 5.Nc3 e6 6.Bb5+ Bd7 7.Bxd7+ Qxd7 8.
Bg5 Be7 9.f4 O-O 10.Qf3 Nc6 11.O-O-O a6 12.g4 Rac8 13.h4 Nxd4 14.Rxd4 Qc7 
15.h5 e5 16.Rd2 h6 17.Bxf6 Bxf6 18.Nd5 Qd8 19.g5 hxg5 20.f5 g4 21.Nxf6+ 
Qxf6 22.Qxg4 Qh6 23.Rg1 Rc4 24.c3 d5 25.f6 Qxf6 26.Rxd5 Kh7 27.Kc2 Rg8 28.
b3 Rc7 29.a4 Kh8 30.Rg3 Qe7 31.Kb2 Rc6 32.Rd7 Qf8 33.Rxb7 Qd6 34.Rd7 Qh6 
35.Rgd3 Rf6 36.Qe2 Qg5 37.R7d6 Rf4 38.Rxa6 Qg1 39.Rd1 Qg3 40.Qd3 Rf2+ 41.
Ka3 Rf3 42.Qd5 Rxc3 43.Rb6 Rgc8 44.Qxf7 Qe3 45.h6 Qc5+ 46.Rb4 gxh6 47.Rd7 
Rxb3+ 48.Qxb3 Qc1+ 49.Qb2 Rc3+ 50.Rb3 Rxb3+ 51.Kxb3 Qe3+ 52.Ka2 1-0

[Event "46th Bosna it"]
[Site "Sarajevo BIH"]
[Date "2016.06.02"]
[Round "8.28"]
[White "Pestek, Elvis"]
[Black "Aleksic, Neven"]
[Result "0-1"]
[WhiteElo "2003"]
[BlackElo "2146"]
[EventDate "2016.05.28"]
[PlyCount "44"]

1.e4 e5 2.Nf3 Nc6 3.d4 exd4 4.Bc4 Bc5 5.c3 Nf6 6.e5 d5 7.Bb5 Ne4 8.Nxd4 
O-O 9.Bxc6 bxc6 10.O-O Ba6 11.Re1 Qh4 12.Be3 f6 13.exf6 Rxf6 14.g3 Qh3 15.
Nd2 Nxf2 16.Bxf2 Rxf2 17.Kxf2 Qxh2+ 18.Ke3 Re8+ 19.Kf3 Rf8+ 20.Kg4 h5+ 21.
Kg5 Qxg3+ 22.Kxh5 g6+ 0-1

[Event "46th Bosna it"]
[Site "Sarajevo BIH"]
[Date "2016.06.02"]
[Round "8.29"]
[White "Schettler, Juergen"]
[Black "Janjic, Nikola"]
[Result "1/2-1/2"]
[WhiteElo "2139"]
[BlackElo "1827"]
[EventDate "2016.05.28"]
[PlyCount "48"]

1.Nf3 Nf6 2.g3 g6 3.b4 Bg7 4.Bb2 O-O 5.Bg2 d5 6.d3 c6 7.O-O Bf5 8.Nbd2 Na6
9.a3 Nc7 10.c4 Be6 11.Qc2 Nfe8 12.Bxg7 Nxg7 13.cxd5 Bxd5 14.Nc4 f6 15.e4 
Bxc4 16.dxc4 e5 17.Rfd1 Qe7 18.c5 Rfd8 19.Bf1 Rxd1 20.Rxd1 Rd8 21.Bc4+ 
Nge6 22.Rd2 Kf8 23.Qd1 Rxd2 24.Qxd2 Ke8 1/2-1/2

[Event "46th Bosna it"]
[Site "Sarajevo BIH"]
[Date "2016.06.02"]
[Round "8.30"]
[White "Yavic, Adnan"]
[Black "Sadikovic, Jasmin"]
[Result "0-1"]
[WhiteElo "1696"]
[BlackElo "2106"]
[EventDate "2016.05.28"]
[PlyCount "98"]

1.e4 c5 2.d4 cxd4 3.c3 d3 4.Bxd3 d6 5.f4 Nf6 6.Nf3 Qc7 7.Na3 a6 8.Be3 e5 
9.fxe5 dxe5 10.Nc4 Nbd7 11.Qe2 b5 12.Ncd2 Bc5 13.h3 Bb7 14.O-O-O Nh5 15.
Ng5 Bxe3 16.Qxh5 Nf6 17.Qh4 b4 18.c4 Rd8 19.Kc2 Bxd2 20.Rxd2 Qa5 21.Nf3 
Qxa2 22.Qg3 O-O 23.Re1 Nxe4 24.Rxe4 Bxe4 25.Nxe5 Bxd3+ 26.Rxd3 Rxd3 27.
Qxd3 Qa4+ 28.Kc1 Qa5 29.Qd5 Qxd5 30.cxd5 Rb8 31.Kc2 f6 32.Nc6 Rb7 33.Kb3 
Kf8 34.Kc4 Ke8 35.Nxb4 a5 36.Nd3 Kd7 37.b3 Kd6 38.g3 g5 39.h4 gxh4 40.gxh4
Rg7 41.h5 Rg4+ 42.Kb5 Rd4 43.Nb2 Rxd5+ 44.Kb6 Rxh5 45.Nc4+ Kd7 46.Nxa5 
Rxa5 47.Kxa5 h5 48.b4 h4 49.b5 Kc7 0-1

[Event "46th Bosna it"]
[Site "Sarajevo BIH"]
[Date "2016.06.02"]
[Round "8.31"]
[White "Nestorovic, Katarina"]
[Black "Strinic, Halid"]
[Result "0-1"]
[WhiteElo "1849"]
[BlackElo "2073"]
[EventDate "2016.05.28"]
[PlyCount "40"]

1.e4 d6 2.d4 c6 3.Nc3 Qc7 4.Nf3 e5 5.h3 Nf6 6.Bd3 Be7 7.O-O O-O 8.Ne2 b5 
9.Ng3 Re8 10.c3 a6 11.a4 Bb7 12.Nf5 Bf8 13.Re1 Nbd7 14.Qb3 h6 15.N3h4 d5 
16.axb5 cxb5 17.exd5 exd4 18.Rxe8 Rxe8 19.Nxd4 Nc5 20.Qd1 Nxd3 0-1

[Event "46th Bosna it"]
[Site "Sarajevo BIH"]
[Date "2016.06.02"]
[Round "8.33"]
[White "Banduka, Zeljko"]
[Black "Pasalic, Harun"]
[Result "0-1"]
[WhiteElo "2081"]
[BlackElo "2253"]
[EventDate "2016.05.28"]
[PlyCount "120"]

1.d4 g6 2.g3 Bg7 3.Nf3 d6 4.Bg2 Nf6 5.c4 O-O 6.Nc3 Nc6 7.d5 Na5 8.Nd2 c5 
9.Qc2 a6 10.O-O Rb8 11.Rb1 b5 12.b3 e5 13.a4 bxc4 14.bxc4 Bf5 15.e4 Bd7 
16.Re1 h5 17.h3 Bh6 18.Rxb8 Qxb8 19.Nb3 Bxc1 20.Nxa5 Bh6 21.Nc6 Qc7 22.f4 
exf4 23.gxf4 Bxc6 24.dxc6 Bxf4 25.Nd5 Nxd5 26.exd5 Be5 27.Rb1 Qe7 28.Rb7 
Bd4+ 29.Kf1 Qf6+ 30.Ke1 Re8+ 31.Kd1 Bc3 32.Qd3 Ba5 33.Be4 Qa1+ 34.Kc2 
Qxa4+ 35.Kb2 Bd8 36.Qf3 f5 37.Qc3 Re5 38.Bc2 Qa5 39.Qg3 g5 40.c7 Bxc7 41.
Qxg5+ Kf8 42.Qf6+ Ke8 43.Qh8+ Kd7 44.Bxf5+ Rxf5 45.Qh7+ Kc8 46.Rxc7+ Qxc7 
47.Qxf5+ Kb7 48.Qxh5 Qg7+ 49.Kc2 Qg2+ 50.Kb3 Qg3+ 51.Ka4 Qe1 52.Ka3 Qc3+ 
53.Ka2 Qxc4+ 54.Kb1 Qd3+ 55.Kc1 c4 56.Qg5 Kb6 57.h4 c3 58.h5 Kb5 59.h6 Qe2
60.Qf4 Qb2+ 0-1

[Event "46th Bosna it"]
[Site "Sarajevo BIH"]
[Date "2016.06.02"]
[Round "8.34"]
[White "Sesar, Ivan"]
[Black "Bucan, Eldin"]
[Result "1-0"]
[WhiteElo "2077"]
[BlackElo "2179"]
[EventDate "2016.05.28"]
[PlyCount "67"]

1.e4 e5 2.Nf3 Nc6 3.d4 exd4 4.Nxd4 Bc5 5.Be3 Qf6 6.Nb5 Bxe3 7.fxe3 Kd8 8.
N1c3 Nge7 9.Qd2 a6 10.Nd4 Ne5 11.O-O-O b5 12.Be2 Bb7 13.Nf3 N7g6 14.Rhf1 
Qe7 15.Nd5 Qe8 16.Qd4 f6 17.Nd2 Nc6 18.Qc5 Nge5 19.Nb3 Qf8 20.Na5 Kc8 21.
Nxb7 Kxb7 22.Qc3 Rb8 23.a3 Kc8 24.a4 Kd8 25.axb5 axb5 26.b4 Rb7 27.Qb3 Nc4
28.Bxc4 bxc4 29.Qxc4 Nxb4 30.Nf4 Kc8 31.Rxd7 Qe8 32.Rxg7 Qa4 33.Rg8+ Rxg8 
34.Qxg8+ 1-0

[Event "46th Bosna it"]
[Site "Sarajevo BIH"]
[Date "2016.06.02"]
[Round "8.35"]
[White "Bryn, Askild"]
[Black "Slamar, Velimir"]
[Result "1/2-1/2"]
[WhiteElo "1993"]
[BlackElo "2115"]
[EventDate "2016.05.28"]
[PlyCount "89"]

1.e4 c6 2.d3 d5 3.Nd2 g6 4.g3 Bg7 5.Bg2 Nf6 6.Ngf3 O-O 7.O-O Bg4 8.e5 Nfd7
9.d4 c5 10.c3 e6 11.h3 Bxf3 12.Nxf3 Nc6 13.Be3 cxd4 14.cxd4 Qb6 15.Qd2 
Rfc8 16.Rfc1 Bf8 17.h4 a5 18.Bh3 a4 19.Bh6 Nxd4 20.Qxd4 Bxh6 21.Rxc8+ Rxc8
22.Qxb6 Nxb6 23.Nd4 Rc4 24.Rd1 Bf8 25.b3 axb3 26.Nxb3 Rc2 27.Rd2 Rxd2 28.
Nxd2 Bb4 29.Nb1 Nc4 30.f4 Kf8 31.Bg4 Bc5+ 32.Kf1 h5 33.Be2 b5 34.Kg2 b4 
35.Kf3 Ke7 36.Bd3 Kd7 37.Bc2 Ke7 38.Bb3 f6 39.exf6+ Kxf6 40.Bxc4 dxc4 41.
Nd2 Bd4 42.Nxc4 Bc3 43.Ke4 Be1 44.Kf3 Bc3 45.Ke4 1/2-1/2

[Event "46th Bosna it"]
[Site "Sarajevo BIH"]
[Date "2016.06.02"]
[Round "8.36"]
[White "Alihodzic, Muzafer"]
[Black "Markovic, Dino"]
[Result "1/2-1/2"]
[WhiteElo "2094"]
[BlackElo "2013"]
[EventDate "2016.05.28"]
[PlyCount "112"]

1.e4 e6 2.Nc3 d5 3.d3 c5 4.g3 dxe4 5.Nxe4 Nf6 6.Bg2 Nbd7 7.Ne2 Be7 8.N4c3 
O-O 9.O-O Nb6 10.b3 Nbd5 11.Bb2 Qc7 12.a4 Nxc3 13.Nxc3 Bd7 14.Ne4 Bc6 15.
Nxf6+ Bxf6 16.Bxf6 gxf6 17.Qh5 Bxg2 18.Kxg2 Qe5 19.Qh4 f5 20.Rae1 Qg7 21.
h3 Rad8 22.Qe7 Qc3 23.Re2 Rb8 24.g4 Qd4 25.f4 Qg7 26.Kh1 fxg4 27.hxg4 Kh8 
28.Rg2 Qh6+ 29.Rh2 Qg7 30.g5 f6 31.Qxc5 fxg5 32.Rg1 g4 33.Qg5 Qxg5 34.fxg5
Rf4 35.Rh4 Rc8 36.c4 Rd8 37.Rg3 Kg7 38.Kg2 Rf3 39.Rh6 Rxg3+ 40.Kxg3 Rxd3+ 
41.Kxg4 Rxb3 42.Rxe6 Rb4 43.Re7+ Kg6 44.Re6+ Kf7 45.Rh6 Rxc4+ 46.Kh5 Kg7 
47.Rd6 Rc7 48.Rd8 b6 49.Rb8 Rd7 50.Re8 Rb7 51.Rc8 a6 52.Rc6 a5 53.Rd6 Kf7 
54.Kh6 Ke7 55.Rc6 Kd8 56.Rf6 Ke8 1/2-1/2

[Event "46th Bosna it"]
[Site "Sarajevo BIH"]
[Date "2016.06.02"]
[Round "8.37"]
[White "Kolaric, Spela"]
[Black "Stanivukovic, Drago"]
[Result "1/2-1/2"]
[WhiteElo "2116"]
[BlackElo "1890"]
[EventDate "2016.05.28"]
[PlyCount "153"]

1.d4 g6 2.c4 Bg7 3.g3 c5 4.d5 d6 5.Nc3 Nd7 6.Nf3 Ngf6 7.Bg2 Ng4 8.O-O O-O 
9.e4 Nge5 10.Nxe5 Nxe5 11.Qc2 f5 12.f4 Nf7 13.Kh1 Re8 14.Be3 e6 15.dxe6 
Bxe6 16.Rad1 Qa5 17.exf5 Bxf5 18.Qd2 Bxc3 19.bxc3 Qa6 20.Bd5 Be4+ 21.Kg1 
Bxd5 22.cxd5 Re4 23.f5 Ne5 24.fxg6 hxg6 25.Qf2 Qa5 26.Bh6 Qc7 27.Qf6 Kh7 
28.Bf4 Re8 29.Rd2 Qe7 30.Bxe5 Rxe5 31.Qf7+ Kh6 32.Qxe7 R8xe7 33.Rf6 Rd7 
34.Re6 Rf5 35.Kg2 b5 36.Re8 Rff7 37.Rb2 a6 38.Ra8 Ra7 39.Rd8 Rfd7 40.Rc8 
Kg7 41.Rc6 Ra8 42.a3 Kf6 43.Re2 Kf7 44.Re6 a5 45.Rb6 b4 46.cxb4 cxb4 47.
axb4 a4 48.Re2 a3 49.Ra2 Kf6 50.Rb5 Rda7 51.Kf3 Ke5 52.Ke3 Ra4 53.Kd3 Rc8 
54.Re2+ Kf5 55.Ra2 Rc1 56.Ra5 Rxb4 57.R2xa3 Ke5 58.Kd2 Rh1 59.Kc3 Re4 60.
Ra2 Rd1 61.Rf2 g5 62.Rf8 Rc1+ 63.Kd2 Rec4 64.Ra2 Rh1 65.Rf2 Kd4 66.Ke2 
Kxd5 67.Ra5+ Ke4 68.Kd2 Rhc1 69.Ra2 d5 70.h4 gxh4 71.Rf4+ Ke5 72.Rxh4 Rxh4
73.gxh4 Rh1 74.Ra4 d4 75.Ra8 Rxh4 76.Re8+ Kd5 77.Rd8+ 1/2-1/2

[Event "46th Bosna it"]
[Site "Sarajevo BIH"]
[Date "2016.06.02"]
[Round "8.38"]
[White "Nikolovska, Dragana"]
[Black "Bucevac, Ljubisa"]
[Result "1-0"]
[WhiteElo "1875"]
[BlackElo "2080"]
[EventDate "2016.05.28"]
[PlyCount "129"]

1.e4 d5 2.exd5 Qxd5 3.Nc3 Qd6 4.d4 a6 5.Nf3 Nf6 6.g3 b5 7.Bf4 Qd8 8.a3 Bb7
9.Bg2 e6 10.O-O Be7 11.Qe2 O-O 12.Rfe1 Nbd7 13.Rad1 Nb6 14.Bh3 Nbd5 15.
Nxd5 Bxd5 16.Ne5 Re8 17.a4 Qb8 18.Bg5 Qb7 19.Qe3 Bb4 20.Bxf6 gxf6 21.Nd7 
Kg7 22.Qf4 Be7 23.Qg4+ Kh8 24.Qh4 Rg8 25.Nxf6 Rg7 26.Re5 Qc6 27.c3 Rb8 28.
Rh5 Bxf6 29.Qxf6 Kg8 30.axb5 axb5 31.Re1 b4 32.Rg5 Rg6 33.cxb4 Rxb4 34.Qf4
Rxb2 35.Rc1 Rc2 36.Rb1 Kg7 37.Bf1 f6 38.Rh5 Qc3 39.h3 Rd2 40.h4 Rxd4 41.
Rc1 Rxf4 42.Rxc3 c6 43.Bg2 h6 44.gxf4 Rxg2+ 45.Kf1 Rh2 46.Rg3+ Kh7 47.f5 
exf5 48.Rxf5 Rxh4 49.Rxf6 Re4 50.Rh3 Bc4+ 51.Kg2 Rg4+ 52.Kf3 Rg6 53.Rxg6 
Kxg6 54.Ke4 h5 55.f4 Be6 56.Rh4 Bg4 57.Ke5 Kf7 58.f5 Bf3 59.Rh3 Be2 60.Ra3
Bg4 61.Ra7+ Ke8 62.Rc7 Bf3 63.Kf6 Bd5 64.Kg7 Kd8 65.Ra7 1-0

[Event "46th Bosna it"]
[Site "Sarajevo BIH"]
[Date "2016.06.02"]
[Round "8.39"]
[White "Nezirovic, Ozren"]
[Black "Colpa, Fahrudin"]
[Result "1-0"]
[WhiteElo "2067"]
[BlackElo "1864"]
[EventDate "2016.05.28"]
[PlyCount "85"]

1.e4 Nc6 2.d4 d5 3.e5 Bf5 4.c3 a6 5.Nf3 f6 6.Bd3 Qd7 7.a4 g5 8.exf6 exf6 
9.Qe2+ Nge7 10.Nbd2 g4 11.Bxf5 Qxf5 12.Nh4 Qh5 13.g3 Bh6 14.Nb3 O-O-O 15.
Bxh6 Qxh6 16.Qxg4+ Kb8 17.Ng2 f5 18.Qf4 Qe6+ 19.Qe3 Qf7 20.O-O-O Ng6 21.
Rhe1 Rhe8 22.Qd2 Re4 23.f3 Ree8 24.Rxe8 Rxe8 25.Re1 Rd8 26.Nf4 b6 27.Qe3 
Nge7 28.Qe6 Qf8 29.Qe2 Qh6 30.Qd2 Rd6 31.Kc2 Kb7 32.Re2 Qf8 33.Nd3 Ng6 34.
Qe3 Rd7 35.Qe8 Qg7 36.Ndc5+ bxc5 37.Nxc5+ Ka7 38.Qxd7 Qxd7 39.Nxd7 Na5 40.
b3 f4 41.Nf6 c6 42.Nxh7 fxg3 43.hxg3 1-0

[Event "46th Bosna it"]
[Site "Sarajevo BIH"]
[Date "2016.06.02"]
[Round "8.40"]
[White "Urh, Zala"]
[Black "Kozarcanin, Sead"]
[Result "1-0"]
[WhiteElo "1860"]
[BlackElo "2053"]
[EventDate "2016.05.28"]
[PlyCount "75"]

1.d4 d5 2.c4 c6 3.Nc3 Nf6 4.Nf3 a6 5.c5 Bf5 6.Bf4 Nbd7 7.h3 Ne4 8.Rc1 h6 
9.e3 g5 10.Bh2 Bg7 11.Be2 O-O 12.b4 a5 13.b5 Re8 14.O-O Nxc3 15.Rxc3 e5 
16.dxe5 Nxe5 17.Nd4 Bd7 18.Rb3 Nc4 19.bxc6 bxc6 20.Qc2 Be5 21.Rfb1 Qf6 22.
Bxe5 Nxe5 23.Rb7 a4 24.R1b4 a3 25.Ra4 g4 26.hxg4 Bxg4 27.Rxa8 Rxa8 28.Rb6 
Bd7 29.Qb3 Kg7 30.Qc3 Ra4 31.Rb8 Bg4 32.Qc2 Ra5 33.Bxg4 Nxg4 34.Nf5+ Kg6 
35.Ng3+ Kg5 36.Rg8+ Kh4 37.Rxg4+ Kxg4 38.Qe2+ 1-0

[Event "46th Bosna it"]
[Site "Sarajevo BIH"]
[Date "2016.06.02"]
[Round "8.41"]
[White "Jovovic, Milan"]
[Black "Lapo, Safet"]
[Result "1/2-1/2"]
[WhiteElo "1991"]
[BlackElo "1781"]
[EventDate "2016.05.28"]
[PlyCount "49"]

1.d4 Nf6 2.c4 e6 3.Nc3 d5 4.Bg5 Be7 5.e3 c6 6.Nf3 Nbd7 7.Bd3 O-O 8.O-O Qc7
9.Rc1 Re8 10.Qe2 dxc4 11.Bxc4 Bd6 12.Rfd1 h6 13.Bh4 Qa5 14.e4 Bf4 15.Rb1 
Qh5 16.e5 Nh7 17.Qe4 g5 18.Ne2 Bxh2+ 19.Kxh2 gxh4 20.Nxh4 f5 21.exf6 Ndxf6
22.Qg6+ Qxg6 23.Nxg6 Kg7 24.Ne5 Ng5 25.Kg3 1/2-1/2

[Event "46th Bosna it"]
[Site "Sarajevo BIH"]
[Date "2016.06.02"]
[Round "8.42"]
[White "Haskovic, Salih"]
[Black "Marn, Jan"]
[Result "1/2-1/2"]
[WhiteElo "1984"]
[BlackElo "1831"]
[EventDate "2016.05.28"]
[PlyCount "78"]

1.e4 e5 2.Nf3 Nc6 3.d4 exd4 4.Nxd4 Nf6 5.Nxc6 bxc6 6.Bd3 d5 7.e5 Nd7 8.O-O
Nc5 9.Re1 Nxd3 10.Qxd3 Be7 11.b3 O-O 12.Ba3 Bb7 13.Bxe7 Qxe7 14.Nd2 c5 15.
Nf3 Rad8 16.Qf5 h6 17.e6 Bc8 18.exf7+ Qxf7 19.Qxf7+ Rxf7 20.Ne5 Rf6 21.Nd3
c4 22.Nc5 Rc6 23.b4 a5 24.a3 d4 25.f3 axb4 26.axb4 Rb6 27.Re7 Bf5 28.Rxc7 
Bxc2 29.Raa7 Rg6 30.b5 d3 31.Rd7 Re8 32.b6 Re1+ 33.Kf2 Re2+ 34.Kf1 Rxb6 
35.Rxg7+ Kf8 36.Nd7+ Kxg7 37.Nxb6+ Kg6 38.Nxc4 Bb3 39.Rc7 Rc2 1/2-1/2

[Event "46th Bosna it"]
[Site "Sarajevo BIH"]
[Date "2016.06.02"]
[Round "8.43"]
[White "Peric, Pero"]
[Black "Dedic, Nedzad"]
[Result "1-0"]
[WhiteElo "1746"]
[BlackElo "1977"]
[EventDate "2016.05.28"]
[PlyCount "60"]

1.e4 e6 2.Nc3 d5 3.d3 Nf6 4.Bg5 Be7 5.Nf3 c6 6.Be2 Qb6 7.b3 Bb4 8.Bd2 Qa5 
9.Na4 dxe4 10.Bxb4 Qxb4+ 11.Nd2 exd3 12.Bxd3 Qd4 13.O-O O-O 14.Nf3 Qf4 15.
g3 Qh6 16.h4 Nbd7 17.Qe2 b5 18.Nc3 Nc5 19.Rad1 a5 20.Rd2 Nxd3 21.Qxd3 b4 
22.Ne2 Ba6 23.Qd4 Nd5 24.Rfd1 Bxe2 25.Rxe2 Nc3 26.Red2 Nxd1 27.Rxd1 Qf6 
28.Ne5 Rad8 29.Nd7 h6 30.Nxf6+ gxf6 1-0

[Event "46th Bosna it"]
[Site "Sarajevo BIH"]
[Date "2016.06.02"]
[Round "8.44"]
[White "Halilovic, Fahrudin"]
[Black "Johnen, Franz"]
[Result "1-0"]
[WhiteElo "1973"]
[BlackElo "1693"]
[EventDate "2016.05.28"]
[PlyCount "67"]

1.e4 e5 2.Bc4 Nf6 3.d4 d6 4.dxe5 Nxe4 5.Qd5 Be6 6.Qxb7 Bxc4 7.Qxa8 c6 8.
Nd2 d5 9.Nxe4 dxe4 10.Qb7 Bc5 11.Bg5 f6 12.exf6 gxf6 13.Be3 Bxe3 14.fxe3 
O-O 15.Ne2 Qa5+ 16.c3 Qc5 17.Nd4 Qg5 18.O-O-O Qxe3+ 19.Kb1 Bd3+ 20.Ka1 Re8
21.h4 Qf4 22.g4 Qd6 23.g5 fxg5 24.Qb3+ Qd5 25.Qb7 Qf7 26.Qxf7+ Kxf7 27.
hxg5 Kg8 28.Rhe1 c5 29.Nf5 c4 30.b3 Re5 31.Nd6 Bc2 32.Nxc4 Bxd1 33.Nxe5 
Bc2 34.Kb2 1-0

[Event "46th Bosna it"]
[Site "Sarajevo BIH"]
[Date "2016.06.02"]
[Round "8.45"]
[White "Cunjalo, Faris"]
[Black "Strinic, Hamdija"]
[Result "1-0"]
[WhiteElo "1966"]
[BlackElo "1689"]
[EventDate "2016.05.28"]
[PlyCount "81"]

1.d4 Nf6 2.c4 e6 3.Nf3 d5 4.g3 c6 5.Bg2 Bd6 6.O-O O-O 7.Qc2 Qe7 8.Nbd2 
Nbd7 9.e4 dxe4 10.Nxe4 Nxe4 11.Qxe4 Nf6 12.Qe2 h6 13.b3 Re8 14.Bb2 Ba3 15.
Ne5 Bd7 16.c5 Bb4 17.Nc4 b5 18.cxb6 axb6 19.Nxb6 Rab8 20.Na4 c5 21.Nxc5 
Bxc5 22.dxc5 Bb5 23.Qc2 Bxf1 24.Bxf1 Rec8 25.Rc1 Nd5 26.a3 h5 27.b4 h4 28.
Qe4 hxg3 29.hxg3 Qg5 30.Bd3 Nf6 31.Qe3 Qxe3 32.fxe3 Ng4 33.Ba6 Rd8 34.c6 
Rd2 35.c7 Rf8 36.c8=Q Rxb2 37.Qc3 Rf2 38.Rf1 Rf6 39.Rxf6 gxf6 40.Be2 Ne5 
41.a4 1-0